00643nam a22001577a 4500003000500000005001700005082001600022100002000038245011900058260003900177300001500216505018400231650001500415651001900430700003600449NUST20260121154117.0 a621.382,MEH aMehmood, Khawar aGUI based energy monitoring system /cKhawar Mehmood, Farhan Ullah, Nauman Khan and Shabbir Manan (TCC-27 / TE-52) aRawalpindibMCS (NUST)cJune, 2019 avii, 62p.; aIntroduction (Page-1), Literature Review (Page-6), Motors (Page-9), Graphical User Interface (Page-18), Design and Implementation (Page-27), Conclusion (Page-40), Codes (Page-42). aUG Project aTCC-27 / TE-52 aSupervised by Dr. Zeeshan Zahid